Los Cardona en Lepanto / Gómez Catón
Publicado:
San Jorge, núm. 84 (4t trimestre 1971), pàg 119 - 129 :
MARC
| LEADER | 00000nam a2200000Ia 4500 | ||
|---|---|---|---|
| 001 | |||
| 008 | 160829s9999 xx 000 0 cat d | ||
| 100 | |a Gómez Catón, Fernando |9 29715 | ||
| 245 | |a Los Cardona en Lepanto / Gómez Catón | ||
| 260 | |a San Jorge, núm. 84 (4t trimestre 1971), pàg 119 - 129 | ||
| 650 | 0 | |a Lepant, Batalla de, 1571 |9 31773 | |
| 650 | |a Cardona (Familia) |9 41637 | ||
| 650 | |a Cardona |x Història |x S. XVI |9 41638 | ||
| 901 | |a Arxiu | ||
| 942 | |n 1 | ||
| 952 | |0 0 |1 0 |4 0 |7 1 |9 50345 |a Arxiu |b Arxiu |d 2016-12-01 |l 0 |r 2016-12-01 00:00:00 |w 2016-12-01 |y ARXIU | ||
| 999 | |c 54187 |d 54187 | ||